Loading...
| Fine Arts - Other | 0 | 6 | 0 | 0 | 60 | 20 | 61.83 | 0 | 3 | 0.00 | 0.00 |
| History - World | 0 | 4 | 0 | 1 | 40 | 65 | 75.50 | 0 | 2 | 0.00 | 0.00 |
| Science - Biology | 0 | 3 | 0 | 0 | 30 | 61 | 83.33 | 0 | 0 | 0.00 | 0.00 |
| Literature - World | 0 | 3 | 1 | 2 | 25 | 111 | 113.33 | 0 | 0 | 0.00 | 0.00 |
| Science - Other | 0 | 3 | 1 | 1 | 25 | 101 | 107.00 | 0 | 0 | 0.00 | 0.00 |
| Mythology | 0 | 3 | 1 | 0 | 25 | 39 | 58.33 | 1 | 2 | 0.00 | 0.00 |
| Literature - British | 0 | 2 | 0 | 0 | 20 | 45 | 58.00 | 0 | 2 | 0.00 | 0.00 |
| Science - Physics | 0 | 3 | 2 | 1 | 20 | 28 | 61.00 | 0 | 0 | 0.00 | 0.00 |
| Social Science | 0 | 1 | 0 | 1 | 10 | 92 | 92.00 | 0 | 0 | 0.00 | 0.00 |
| Fine Arts - Painting and Sculpture | 0 | 1 | 0 | 0 | 10 | 98 | 98.00 | 0 | 0 | 0.00 | 0.00 |
| History - European | 0 | 1 | 0 | 0 | 10 | 20 | 20.00 | 0 | 1 | 0.00 | 0.00 |
| History - Other | 0 | 1 | 0 | 0 | 10 | 53 | 53.00 | 1 | 1 | 0.00 | 0.00 |
| Popular Culture | 0 | 1 | 0 | 0 | 10 | 73 | 73.00 | 0 | 1 | 0.00 | 0.00 |
| Fine Arts - Classical Music | 0 | 1 | 0 | 1 | 10 | 130 | 130.00 | 0 | 0 | 0.00 | 0.00 |
| Science - Chemistry | 0 | 1 | 1 | 0 | 5 | 110 | 110.00 | 0 | 1 | 0.00 | 0.00 |